Football Teams Fabián Ruiz Played For - Statistics

General Stats
  • This quiz has been taken 26 times
  • The average score is 4 of 6
Answer Stats
League Years Team % Correct
France 2022- Paris Saint-Germain
100%
Italy 2018-2022 SSC Napoli
91%
Spain 2014-2016 Betis Deportivo Balompié
59%
Spain 2016-2017 Real Betis Balompié
59%
Spain 2017-2018 Real Betis Balompié
59%
Spain 2017 Elche CF
32%
No matching quizzes found
Score Distribution
Percent of People with Each Score
Percentile by Number Answered
Your Score History
You have not taken this quiz